LEADER 01033nam a2200241 i 4500 001 000000190677 003 CaOOAMICUS 005 20100628000000.0 008 100628s1990 it u000 u ita u 013 $a169108 040 $aSeMil$bita 100 1 $aZanon, Magda.$0(OLS)http://semarc/name/69708 245 10$aRocche e castelli della Brianza /$cMagda Zanon ; foto di Sergio Pozzoli ; disegni di Clara Frigerio. 260 $aRomanò di Inverigo :$bGraffiti Edizioni,$c1990. 300 $a115 p. :$briccamente ill. ;$c31 cm. 650 4$aBrianza - Castelli.$0(OLS)http://semarc/subject/35945 700 1 $aFrigerio, Clara.$0(OLS)http://semarc/name/69709 700 1 $aPozzoli, Sergio.$0(OLS)http://semarc/name/15596 850 $aSeMil 852 $aSeMil$W1$xVenegono$y1$m3P V 383$j141294$B141294$CSeMilBibl$Z2$F153243 $81 961 $aOmaggio: Altro 996 $6245$aRocche e castelli della Brianza$9(OLS)http://semarc/title/274728 996 $6260$aRomanò di Inverigo :$bGraffiti Edizioni$9(OLS)http://semarc/publisher/40193 LEADER 01403nas a2200241 i 4500 001 000000206584 003 CaOOAMICUS 005 20111007000000.0 008 111004b1991 it uu u0 0ita r 013 $a185356 040 $aSeMil$bita 245 10$aScuole di formazione sociale e politica :$bun itinerario attraverso programmi, strutture e prospettive della prima esperienza condotta nella Diocesi di Milano. 246 04$iTitolo in copertina:$aFarsi prossimo nella città, scuole diocesane di Milano 260 $aMilano :$bCentro Sociale Ambrosiano,$c1991. 300 $a64 p. ;$c21 cm. 500 $aIn copertina : Farsi prossimo nella città, scuole diocesane di Milano. 710 0 $aArcidiocesi di Milano : Scuola di formazione all'impegno sociale e politico.$0(OLS)http://semarc/name/42577 773 0 $tOrientamenti.$dMilano : Centro Sociale Ambrosiano, 1978-2006.$w()2569 850 $aSeMil 852 $aSeMil$W1$xVenegono$y1$m235 3 38/S$j157053$B157053$CSeMilBibl$Z2$F168364 $85 996 $6245$aScuole di formazione sociale e politica :$bun itinerario attraverso programmi, strutture e prospettive della prima esperienza condotta nella Diocesi di Milano$9(OLS)http://semarc/title/298783 996 $6246$aFarsi prossimo nella città, scuole diocesane di Milano$9(OLS)http://semarc/title/298784 996 $6260$aMilano :$bCentro Sociale Ambrosiano$9(OLS)http://semarc/publisher/30800